000 00290nam a22001337a 4500
008 171023b xxu||||| |||| 00| 0 eng d
020 _a99992702621
041 _aalb
080 _a338
100 _a54
101 _aMEN
245 _aMENAXHIMI I OPERACIONEVE
_cNAKUCI,V
942 _2udc
_cBK
999 _c35420
_d35420